El año mil : una nueva y diferente visión de un momento crucial de la historia /
Salvato in:
| Autore principale: | |
|---|---|
| Natura: | Sconosciuto |
| Lingua: | Spanish |
| Pubblicazione: |
Barcelona, España :
Editorial Gedisa,
1988.
|
| Soggetti: | |
| Tags: |
Aggiungi Tag
Nessun Tag, puoi essere il primo ad aggiungerne!!
|
MARC
| LEADER | 000000000a22000000004500 | ||
|---|---|---|---|
| 001 | 003536 | ||
| 020 | |a 8474323223 | ||
| 041 | 0 | |a spa | |
| 082 | 0 | 4 | |a 909.1 |b D821a |
| 100 | 1 | |a Duby, Georges | |
| 245 | 1 | 3 | |a El año mil : |b una nueva y diferente visión de un momento crucial de la historia / |c Georges Duby. |
| 260 | 1 | |a Barcelona, España : |b Editorial Gedisa, |c 1988. | |
| 300 | |a 235 páginas ; |c 18 cm. | ||
| 650 | 4 | |a MIL AÑOS ANTES DE CRISTO | |
| 650 | 4 | |a CIVILIZACION MEDIEVAL | |
| 999 | |c 10047 |d 10047 | ||
| 942 | |c BK |h 909.1 D821a |2 z | ||



